| 000 | 00668nam a2200241 a 4500 | ||
|---|---|---|---|
| 999 |
_c6067 _d6067 |
||
| 001 | 6067 | ||
| 003 | UkOxU | ||
| 005 | 20211021134020.0 | ||
| 008 | 911108s1989 pau 001 0 eng d | ||
| 020 | _a0030112834 | ||
| 035 | _a (BD-JhCC) 6067 | ||
| 040 |
_aBD-JhCC _dBD-JhCC |
||
| 041 | _aeng | ||
| 082 |
_a515 _220 _bCOU 1989 |
||
| 100 | 1 | _aCoughlin, Raymond F. | |
| 245 | 1 | 0 |
_aCalculus with applications / _cRaymond F. Coughlin, David E. Zitarelli |
| 260 |
_aPhiladelphia ; _aLondon : _bSaunders, _cc1989 |
||
| 300 |
_axvii, 548 p ; _c24 cm |
||
| 650 | 0 | _aCalculus | |
| 700 | 1 |
_aZitarelli, David E. _q(David Earl), _d1941- |
|
| 942 |
_2ddc _cBK _01 |
||